ELECTROMECHANICAL DEVICES FOR ENERGY CONVERSION AND CONTROL SYSTEMS (Record no. 14237)
[ view plain ]
| 000 -LEADER | |
|---|---|
| fixed length control field | 00306nam a22001217a 4500 |
| 008 - FIXED-LENGTH DATA ELEMENTS--GENERAL INFORMATION | |
| fixed length control field | 170525b xxu||||| |||| 00| 0 eng d |
| 041 ## - LANGUAGE CODE | |
| Language code of text/sound track or separate title | eng |
| 080 ## - UNIVERSAL DECIMAL CLASSIFICATION NUMBER | |
| Universal Decimal Classification number | 621.3 |
| 100 ## - Rafti | |
| Rafti | 26 |
| 101 ## - Shkurtesa | |
| Shkurtesa | IM |
| 245 ## - TITLE STATEMENT | |
| Title | ELECTROMECHANICAL DEVICES FOR ENERGY CONVERSION AND CONTROL SYSTEMS |
| Statement of responsibility, etc | TORO,V.D |
| 942 ## - ADDED ENTRY ELEMENTS (KOHA) | |
| Source of classification or shelving scheme | |
| Item type | Books |
No items available.